书目信息 |
| 题名: |
经济发展方式转变
|
|
| 作者: | 张朝先 , 张其仔 , 白玫 著 | |
| 分册: | ||
| 出版信息: | 北京 社会科学文献出版社 2012.11 |
|
| 页数: | 382页 | |
| 开本: | 24cm | |
| 丛书名: | 发展方式转变丛书 | |
| 单 册: | ||
| 中图分类: | F120.3 | |
| 科图分类: | ||
| 主题词: | 中国经济--经济发展模式--研究 , 中国经济 , 经济发展模式 | |
| 电子资源: | ||
| ISBN: | 978-7-5097-3691-3 | |
| 000 | 01557oam2 2200337 450 | |
| 001 | 010010107520 | |
| 005 | 20130427084124.82 | |
| 010 | @a978-7-5097-3691-3@dCNY79.00 | |
| 100 | @a20121203d2012 em y0chiy50 ea | |
| 101 | 0 | @achi |
| 102 | @aCN@b110000 | |
| 105 | @aak z 000yy | |
| 106 | @ar | |
| 200 | 1 | @a经济发展方式转变@9jing ji fa zhan fang shi zhuan bian@e产业升级与空间布局@dThe transformation of economic development mode@eindustrial upgrading and spatial distribution@f张朝先,张其仔,白玫等著@zeng |
| 210 | @a北京@c社会科学文献出版社@d2012.11 | |
| 215 | @a382页@c图@d24cm | |
| 225 | 2 | @a发展方式转变丛书 |
| 300 | @a“十二五”国家重点图书出版规划项目 | |
| 330 | @a本书分为三篇。第一篇“产业变迁与产业升级”研究中国和主要发达国家产业变迁和产业升级历史轨迹,提出中国产业结构优化升级路线图;第二篇“地区关系与空间布局”对中国地区间经济关系变化进行了测度,阐释这种变化的内在机理;第三篇“政策变量与政策措施”分析政策变化轨迹,刻画政策冲击的效果,分析经济发展方式转变带来的机遇与挑战。 | |
| 461 | 0 | @12001 @a发展方式转变丛书@1701 0@a张其仔@4主编 |
| 510 | 1 | @aTransformation of economic development mode@eindustrial upgrading and spatial distribution@zeng |
| 517 | 1 | @a产业升级与空间布局@9chan ye sheng ji yu kong jian bu ju |
| 606 | 0 | @a中国经济@x经济发展模式@x研究 |
| 606 | 0 | @a中国经济 |
| 606 | 0 | @a经济发展模式 |
| 690 | @aF120.3@v5 | |
| 701 | 0 | @a张朝先@9zhang chao xian@4著 |
| 701 | 0 | @a张其仔@9zhang qi zi@4著 |
| 701 | 0 | @a白玫@9bai mei@4著 |
| 801 | 0 | @aCN@bRENTIAN@c20121203 |
| 905 | @b542422-26@dF120.3@e211@f5 | |
| 经济发展方式转变:产业升级与空间布局=The transformation of economic development mode:industrial upgrading and spatial distribution/张朝先,张其仔,白玫等著.-北京:社会科学文献出版社,2012.11 |
| 382页:图;24cm.-(发展方式转变丛书) |
| “十二五”国家重点图书出版规划项目 |
| ISBN 978-7-5097-3691-3:CNY79.00 |
| 本书分为三篇。第一篇“产业变迁与产业升级”研究中国和主要发达国家产业变迁和产业升级历史轨迹,提出中国产业结构优化升级路线图;第二篇“地区关系与空间布局”对中国地区间经济关系变化进行了测度,阐释这种变化的内在机理;第三篇“政策变量与政策措施”分析政策变化轨迹,刻画政策冲击的效果,分析经济发展方式转变带来的机遇与挑战。 |
| ● |
| 相关链接 |
|
|
|
|
正题名:经济发展方式转变
索取号:F120.3/211
 
预约/预借
| 序号 | 登录号 | 条形码 | 馆藏地/架位号 | 状态 | 备注 |
| 1 | 542422 | 205424227 | 第一样本阅览室/ [索取号:F120.3/211] | 在馆 | |
| 2 | 542423 | 205424236 | 第一借阅区/ [索取号:F120.3/211] | 在馆 | |
| 3 | 542424 | 205424245 | 第一借阅区/ [索取号:F120.3/211] | 在馆 | |
| 4 | 542425 | 205424254 | 第一借阅区/ [索取号:F120.3/211] | 在馆 | |
| 5 | 542426 | 205424263 | 第一借阅区/ [索取号:F120.3/211] | 在馆 |